Fear the walking dead. The complete first season / ... Read More
Available copies
- 1 of 1 copy available at LARL/NWRL Consortium.
Current holds
0 current holds with 1 total copy.
Show Only Available Copies
| Location | Call Number / Copy Notes | Barcode | Shelving Location | Status | Due Date |
|---|---|---|---|---|---|
| Warroad Public Library | DVD FEA (Text) | 35500005630577 | Main | Available | - |
Record details
- ISBN: B0148ZDIFG
- Physical Description: 2 videodiscs (approximately 291 minutes) : sound, ... Read More
- Publisher: Beverly Hills, CA : Anchor Bay Entertainment, [2015]
Content descriptions
| General Note: | Based on the graphic novel series by Robert Kirkman, Tony Moore and Charlie Adlard. A companion, prequel series to The Walking Dead television series. Originally broadcast on television by AMC in 2015. Widescreen (1.78:1). Bonus features: A look at the series; Inside the characters of Fear the Walking Dead. |
| Formatted Contents Note: | Pilot -- So close, yet so far -- The dog -- Not ... Read More |
| Participant or Performer Note: | Kim Dickens, Cliff Curtis, Frank Dillane, Alycia ... Read More |
| Summary, etc.: | Living in the same universe as The Walking Dead, ... Read More |
| Target Audience Note: | Not rated. |
| System Details Note: | DVD, NTSC region 1, anamorphic widescreen (1.78:1) ... Read More |
| Language Note: | In English; Spanish subtitles; English subtitles ... Read More |
| Source of Description Note: | Title from disc surface. |
Search for related items by subject
| Genre: | Horror television programs. Fantasy television programs. Zombie television programs. |
| Topic Heading: | DVDs for the hearing impaired. |
Search for related items by series
| LDR | 04865cgm a2200913Ii 4500 | ||
|---|---|---|---|
| 001 | 197470 | ||
| 003 | LARL_NWRL_CONSORTIUM | ||
| 005 | 20160112191141.0 | ||
| 007 | vd cvaizq | ||
| 008 | 151019s2015 cau291 vleng d | ||
| 020 | . | ‡aB0148ZDIFG | |
| 024 | 1 | . | ‡a013132638577 |
| 028 | 4 | 2. | ‡aDV63857 ‡bAMC |
| 035 | . | ‡a(OCoLC)925490084 | |
| 041 | 1 | . | ‡aeng ‡jeng ‡jspa ‡heng |
| 043 | . | ‡an-us-ca | |
| 046 | . | ‡k2015 ‡l2015 | |
| 082 | 0 | 4. | ‡a791.45/72 ‡223 |
| 245 | 0 | 0. | ‡aFear the walking dead. ‡pThe complete first season / ‡cAMC presents ; Circle of Confusion ; Valhalla Entertainment ; AMC Studios ; Skybound Entertainment ; created by Dave Erickson and Robert Kirkman. |
| 246 | 3 | . | ‡aFear the walking dead. ‡pSeason one. |
| 257 | . | ‡aUnited States ‡2naf. | |
| 264 | 1. | ‡aBeverly Hills, CA : ‡bAnchor Bay Entertainment, ‡c[2015] | |
| 300 | . | ‡a2 videodiscs (approximately 291 minutes) : ‡bsound, color ; ‡c4 3/4 in. | |
| 336 | . | ‡atwo-dimensional moving image ‡btdi ‡2rdacontent. | |
| 337 | . | ‡avideo ‡bv ‡2rdamedia. | |
| 338 | . | ‡avideodisc ‡bvd ‡2rdacarrier. | |
| 340 | . | ‡b4 3/4 in. ‡2rda. | |
| 344 | . | ‡adigital ‡boptical ‡gsurround ‡hDolby Digital 5.1 ‡2rda. | |
| 345 | . | ‡awidescreen (1.78:1) ‡b24 fps ‡2rda. | |
| 346 | . | ‡bNTSC ‡2rda. | |
| 347 | . | ‡avideo file ‡bDVD video ‡eRegion 1 ‡2rda. | |
| 380 | . | ‡aTelevision program. | |
| 490 | 0 | . | ‡aFear the walking dead ; ‡vSeason 1 |
| 538 | . | ‡aDVD, NTSC region 1, anamorphic widescreen (1.78:1) presentation; Dolby Digital 5.1 surround. | |
| 546 | . | ‡aIn English; Spanish subtitles; English subtitles for the deaf and hard-of-hearing (SDH). | |
| 588 | 0 | . | ‡aTitle from disc surface. |
| 511 | 1 | . | ‡aKim Dickens, Cliff Curtis, Frank Dillane, Alycia Debnam-Carey, Elizabeth Rodriguez, Mercedes Mason, Lorenzo James Henrie, Rub©♭n Blades. |
| 500 | . | ‡aBased on the graphic novel series by Robert Kirkman, Tony Moore and Charlie Adlard. | |
| 500 | . | ‡aA companion, prequel series to The Walking Dead television series. | |
| 500 | . | ‡aOriginally broadcast on television by AMC in 2015. | |
| 500 | . | ‡aWidescreen (1.78:1). | |
| 521 | 8 | . | ‡aNot rated. |
| 520 | . | ‡aLiving in the same universe as The Walking Dead, Fear the Walking Dead is a gritty drama that explores the onset of the undead apocalypse through the lens of a fractured family. Set in a city where people come to escape, shield secrets, and bury their pasts, a mysterious outbreak threatens to disrupt what little stability high school guidance counselor Madison Clark and English teacher Travis Manawa have managed to assemble. The everyday pressure of blending two families while dealing with resentful, escapist, and strung out children takes a back seat when society begins to break down. A forced evolution, a necessary survival of the fittest takes hold, and our dysfunctional family must either reinvent themselves or embrace their darker histories. | |
| 505 | 0 | . | ‡aPilot -- So close, yet so far -- The dog -- Not fade away -- Cobalt -- The good man. |
| 500 | . | ‡aBonus features: A look at the series; Inside the characters of Fear the Walking Dead. | |
| 650 | 0. | ‡aSurvival ‡zCalifornia ‡zLos Angeles ‡vDrama. | |
| 650 | 0. | ‡aZombies ‡zCalifornia ‡zLos Angeles ‡vDrama. | |
| 650 | 0. | ‡aFathers and daughters ‡vDrama. ‡0(LARL_NWRL_CONSORTIUM)165003 | |
| 650 | 0. | ‡aMothers and daughters ‡vDrama. ‡0(LARL_NWRL_CONSORTIUM)166009 | |
| 650 | 0. | ‡aHigh school counselors ‡vDrama. | |
| 650 | 0. | ‡aEnglish teachers ‡vDrama. | |
| 650 | 0. | ‡aFamilies ‡vDrama. ‡0(LARL_NWRL_CONSORTIUM)164935 | |
| 650 | 0. | ‡aViruses ‡vDrama. | |
| 650 | 0. | ‡aSurvivalism ‡vDrama. | |
| 651 | 0. | ‡aLos Angeles (Calif.) ‡vDrama. | |
| 655 | 7. | ‡aHorror television programs. ‡2lcgft. ‡0(LARL_NWRL_CONSORTIUM)175716 | |
| 655 | 7. | ‡aFantasy television programs. ‡2lcgft. ‡0(LARL_NWRL_CONSORTIUM)175667 | |
| 655 | 7. | ‡aZombie television programs. ‡2lcgft. | |
| 690 | . | ‡aDVDs for the hearing impaired. | |
| 700 | 1 | . | ‡aErickson, Dave ‡c(Screenwriter), ‡ecreator. |
| 700 | 1 | . | ‡aKirkman, Robert, ‡ecreator. ‡0(LARL_NWRL_CONSORTIUM)202318 |
| 700 | 1 | . | ‡aDickens, Kim, ‡d1965- ‡eactor. ‡0(LARL_NWRL_CONSORTIUM)208391 |
| 700 | 1 | . | ‡aCurtis, Cliff, ‡d1968- ‡eactor. ‡0(LARL_NWRL_CONSORTIUM)148672 |
| 700 | 1 | . | ‡aDillane, Frank, ‡eactor. |
| 700 | 1 | . | ‡aDebnam-Carey, Alycia ‡eactor. |
| 700 | 1 | . | ‡aRodriguez, Elizabeth, ‡d1980- ‡eactor. |
| 700 | 1 | . | ‡aMason, Mercedes, ‡eactor. |
| 700 | 1 | . | ‡aHenrie, Lorenzo James, ‡eactor. |
| 700 | 1 | . | ‡aBlades, Rub©♭n, ‡eactor. |
| 700 | 1 | . | ‡iTelevision adaptation of (work) ‡aKirkman, Robert. ‡tWalking dead. |
| 901 | . | ‡a197470 ‡bOCoLC ‡c197470 ‡tbiblio ‡soclc | |

Add to basket
Permalink
Disable Highlighting